Nächstes Jahr in Marienbad : (Titelsatznr. 37629)
[ MARC ]
| 000 -Satzkennung | |
|---|---|
| Kontrollfeld mit fester Länge | 01102nam a22003611c 4500 |
| 001 - Kontrollnummer | |
| Kontrollfeld | ht015416241 |
| 008 - Feld mit fester Länge zur physischen Beschreibung - Allgemeine Angaben | |
| Kontrollfeld mit fester Länge | 100608s2007 gw a||| 000u ger d |
| 020 ## - Internationale Standardbuchnummer | |
| Internationale Standardbuchnummer | 9783525569 |
| Verknüpfung | 978-3-525-569 |
| 041 ## - Sprachcode | |
| Sprachcode des Textes/der Tonspur oder des separaten Titels | ger |
| 040 ## - Katalogisierungsquelle | |
| Übertragungsstelle | RU-10907106 |
| 003 - Kontrollnummer Identifier | |
| Kontrollfeld | RU-10907106 |
| 100 1# - Haupteintragung - Personenname | |
| Personenname | Triendl-Zadoff, Mirjam |
| 245 00 - Titel | |
| Titel | Nächstes Jahr in Marienbad : |
| Zusatz zum Titel | Gegenwelten jüdischer Kulturen der Moderne |
| 264 ## - Produktion, Veröffentlichung, Distribution, Herstellung und Urheberrechtsvermerk | |
| Herstellungs-, Veröffentlichungs- Vertriebs-, Erzeugungsort | Göttingen : |
| Produzent, Herausgeber, Distributor, Hersteller | Vandenhoeck & Ruprecht, |
| Datum der Herstellung, der Veröffentlichung, des Vertriebs oder des Urheberschutzvermerks | 2007 |
| 300 ## - Physische Beschreibung | |
| Umfang | 245 S. : Ill |
| 336 ## - Inhaltstyp | |
| Inhaltstypterm | Text |
| Inhaltstypcode | txt |
| Quelle | rdacontent |
| 337 ## - Medientyp | |
| Bezeichnung des Medientyps | Computermedien |
| Medientypcode | c |
| Quelle | rdamedia |
| 338 ## - Datenträgertyp | |
| Datenträgertypbezeichnung | Online-Ressource |
| Datenträgertypcode | cr |
| Quelle | rdacarrier |
| 490 #0 - Gesamttitelangabe | |
| Gesamttitelangabe | Jüdische Religion, Geschichte und Kultur |
| Bandnummer/Folgebezeichnung | 6 |
| 500 ## - Allgemeine Fußnote | |
| Allgemeine Fußnote | frei im Netz zugänglich |
| 502 ## - Dissertationsvermerk | |
| Dissertationsvermerk | Zugl.: München, Univ., Diss., 2007 |
| 650 #0 - Nebeneintragung unter einem Schlagwort - Sachschlagwort | |
| Sachschlagwort oder geografischer Name als Eintragungselement | Tourismus |
| 650 #0 - Nebeneintragung unter einem Schlagwort - Sachschlagwort | |
| Sachschlagwort oder geografischer Name als Eintragungselement | Alltag |
| 650 #0 - Nebeneintragung unter einem Schlagwort - Sachschlagwort | |
| Sachschlagwort oder geografischer Name als Eintragungselement | Gesellschaft |
| 650 #0 - Nebeneintragung unter einem Schlagwort - Sachschlagwort | |
| Sachschlagwort oder geografischer Name als Eintragungselement | Bürgertum |
| 650 #0 - Nebeneintragung unter einem Schlagwort - Sachschlagwort | |
| Sachschlagwort oder geografischer Name als Eintragungselement | Medizin |
| 650 #0 - Nebeneintragung unter einem Schlagwort - Sachschlagwort | |
| Sachschlagwort oder geografischer Name als Eintragungselement | Zionismus |
| 650 #0 - Nebeneintragung unter einem Schlagwort - Sachschlagwort | |
| Sachschlagwort oder geografischer Name als Eintragungselement | Juden |
| 650 #0 - Nebeneintragung unter einem Schlagwort - Sachschlagwort | |
| Sachschlagwort oder geografischer Name als Eintragungselement | Antisemitismus |
| 655 #0 - Indexierungsterm - Genre/Form | |
| Genre/Form oder fokussierter Term | Hochschulschrift |
| 856 4# - Elektronische Adresse und Zugriff | |
| URL | <a href="http://nbn-resolving.de/urn/resolver.pl?urn=urn:nbn:de:bvb:12-bsb00083740-6">http://nbn-resolving.de/urn/resolver.pl?urn=urn:nbn:de:bvb:12-bsb00083740-6</a> |
| 942 ## - Zusätzliche Felder (Koha) | |
| Koha-Medientyp | E-Books |
| Ausgeschieden | Verloren | Beschädigt | Nicht entleihbar | Heimatbibliothek | Aufenthaltsbibliothek | Aufstellungsort | Erwerbungsdatum | Inventarnummer | Signatur | Barcode | Letzte Aktivität | Preis gültig von | Koha-Medientyp |
|---|---|---|---|---|---|---|---|---|---|---|---|---|---|
| MWN Osteuropa | MWN Osteuropa | Online-Ressource | 08/06/2010 | 11-01472 Digiodß Repß | E-19-e0provisorisch | W 62 F o Juden 9 | 37633 | 18/03/2021 | 22/03/2021 | E-Books |